[Event "Dubai Police op-A"]
[Site "Dubai"]
[Date "2024.05.10"]
[Round "7"]
[White "Yu, Yangyi"]
[Black "Aravindh, Chithambaram VR"]
[Result "1/2-1/2"]
[WhiteElo "2729"]
[BlackElo "2671"]
[PlyCount "155"]
[EventDate "2024.05.04"]
[EventType "swiss"]
[EventRounds "9"]
[EventCountry "UAE"]
[SourceTitle "CB20_2024"]
[SourceDate "2024.05.16"]
[SourceVersion "1"]
[SourceVersionDate "2024.05.16"]
[SourceQuality "1"]

1. e4 e5 2. Nf3 Nc6 3. Bc4 Bc5 4. d3 Nf6 5. 0-0 0-0 6. Bg5 h6 7. Bh4 Be7 8. Bg3 d6 9. a4 Be6 10. Bxe6 fxe6 11. c3 Nh5 12. Nbd2 a5 13. Qb3 Qd7 14. Qb5 Ra6 15. Nc4 Qc8 16. d4 Nxg3 17. hxg3 exd4 18. cxd4 Rxf3 19. gxf3 Nxd4 20. Qh5 Rc6 21. Ne3 Rc5 22. Qh1 Qe8 23. Rfe1 e5 24. Rad1 Qxa4 25. Qh5 Qb3 26. Kg2 Qf7 27. Qg4 h5 28. Qc8+ Qf8 29. Qxf8+ Kxf8 30. f4 h4 31. Rc1 Nb3 32. Rcd1 Nd4 33. Rh1 Rb5 34. Rd2 exf4 35. gxf4 Ne6 36. Nd5 Rb3 37. f5 Nc5 38. Nxe7 Kxe7 39. Rxh4 a4 40. Rg4 Kf7 41. Rc2 b6 42. f3 c6 43. Kg3 Nd3 44. Rxc6 Ne5 45. Rc7+ Kf6 46. Rgxg7 Rxf3+ 47. Kg2 Rb3 48. Rg8 d5 49. exd5 Rxb2+ 50. Kg3 Kxf5 51. d6 Rb3+ 52. Kf2 Ke6 53. Rd8 Rf3+ 54. Ke2 Rf7 55. Rc1 Nd7 56. Rd1 Rf8 57. Rxf8 Nxf8 58. Kd3 Kxd6 59. Kc4+ Kc6 60. Kb4 Nd7 61. Kxa4 Nc5+ 62. Kb4 Ne6 63. Rc1+ Kd5 64. Kb5 Nd4+ 65. Kxb6 Ne6 66. Rd1+ Nd4 67. Rc1 Ne6 68. Kb5 Nd4+ 69. Kb4 Nc6+ 70. Kc3 Ne5 71. Re1 Nf3 72. Re2 Ne5 73. Re3 Nc6 74. Rd3+ Ke4 75. Rd1 Ne5 76. Rd6 Nf3 77. Rd8 Ne5 78. Re8 1/2-1/2

[Event "Shenzhen Longgang 5th"]
[Site "Shenzhen"]
[Date "2024.03.02"]
[Round "3"]
[White "Yu, Yangyi"]
[Black "Artemiev, Vladislav"]
[Result "1-0"]
[WhiteElo "2720"]
[BlackElo "2711"]
[PlyCount "115"]
[EventDate "2024.02.29"]
[EventType "tourn"]
[EventRounds "7"]
[EventCountry "CHN"]
[EventCategory "18"]
[SourceTitle "CB11_2024"]
[SourceDate "2024.03.13"]
[SourceVersion "1"]
[SourceVersionDate "2024.03.13"]
[SourceQuality "1"]

1. e4 c6 2. d4 d5 3. e5 Bf5 4. Nf3 e6 5. Be2 c5 6. 0-0 Nc6 7. Be3 cxd4 8. Nxd4 Nxd4 9. Bxd4 Ne7 10. Nd2 Nc6 11. Nb3 Be7 12. f4 Nxd4 13. Nxd4 Qb6 14. Kh1 Be4 15. Bb5+ Kf8 16. a4 Bc5 17. a5 Qc7 18. Nb3 g6 19. Bd3 Kg7 20. Bxe4 dxe4 21. Ra4 Rhd8 22. Qe2 e3 23. Rc4 b6 24. axb6 axb6 25. Nxc5 bxc5 26. Qxe3 Qb6 27. b3 Rd4 28. Rxd4 cxd4 29. Qd3 Rc8 30. Rd1 Rc3 31. Qxd4 Qxd4 32. Rxd4 Rxc2 33. h4 Rb2 34. b4 Kf8 35. Rd8+ Kg7 36. Rd4 Kf8 37. Rc4 Ke7 38. Rc7+ Kf8 39. Rb7 h6 40. b5 Kg7 41. b6 Rb5 42. g3 g5 43. h5 g4 44. Kg2 Rb2+ 45. Kf1 Kg8 46. Ke1 Rb3 47. Kd2 Rxg3 48. Rc7 Rb3 49. b7 Kg7 50. f5 g3 51. f6+ Kh7 52. Ke2 Rb2+ 53. Kf1 Kg8 54. Kg1 Rb1+ 55. Kg2 Rb3 56. Rd7 Rb2+ 57. Kxg3 Kh7 58. Rxf7+ 1-0

[Event "Shenzhen Longgang 5th"]
[Site "Shenzhen"]
[Date "2024.02.29"]
[Round "1"]
[White "Ma, Qun"]
[Black "Yu, Yangyi"]
[Result "1/2-1/2"]
[WhiteElo "2651"]
[BlackElo "2720"]
[PlyCount "85"]
[EventDate "2024.02.29"]
[EventType "tourn"]
[EventRounds "7"]
[EventCountry "CHN"]
[EventCategory "18"]
[SourceTitle "CB11_2024"]
[SourceDate "2024.03.13"]
[SourceVersion "1"]
[SourceVersionDate "2024.03.13"]
[SourceQuality "1"]

1. d4 Nf6 2. c4 e6 3. Nf3 h6 4. Nc3 Bb4 5. Qc2 c5 6. dxc5 Na6 7. c6 bxc6 8. g3 0-0 9. Bg2 d5 10. 0-0 Bb7 11. Rd1 c5 12. cxd5 exd5 13. Nh4 Nc7 14. Na4 Ne6 15. a3 Ba5 16. Nxc5 Nxc5 17. Qxc5 Bb6 18. Qb4 Re8 19. Nf5 a5 20. Qb3 Ba6 21. Be3 Rb8 22. Qc3 Bxe3 23. Nxe3 Qb6 24. b4 axb4 25. Qxb4 Qxb4 26. axb4 Bxe2 27. Rd4 Red8 28. Re1 Ba6 29. Nxd5 Nxd5 30. Rxd5 Rxd5 31. Bxd5 Rxb4 32. Re8+ Kh7 33. Bxf7 Bc4 34. Bxc4 Rxc4 35. h4 h5 36. Kg2 Rc7 37. Kf3 g6 38. Ke4 Kg7 39. Ke5 Rc5+ 40. Ke6 Rc6+ 41. Ke5 Rc5+ 42. Ke6 Rc6+ 43. Ke5 1/2-1/2

[Event "Chessable Masters Div 2 Win"]
[Site "Chess.com INT"]
[Date "2024.02.02"]
[Round "1.4"]
[White "Yu, Yangyi"]
[Black "Nakamura, Hikaru"]
[Result "0-1"]
[WhiteElo "2720"]
[BlackElo "2788"]
[PlyCount "168"]
[EventDate "2024.02.02"]
[EventType "k.o. (rapid)"]
[EventRounds "6"]
[EventCountry "USA"]
[SourceTitle "CB06_2024"]
[SourceDate "2024.02.07"]
[SourceVersion "1"]
[SourceVersionDate "2024.02.07"]
[SourceQuality "1"]

1. e4 e5 2. Nf3 Nc6 3. Bc4 Nf6 4. d3 Bc5 5. 0-0 d6 6. c3 a6 7. Nbd2 Ba7 8. Re1 Ng4 9. Re2 0-0 10. h3 Nf6 11. Nf1 Na5 12. Bb3 Nxb3 13. axb3 h6 14. Ng3 Re8 15. b4 c6 16. Bd2 d5 17. exd5 Qxd5 18. Be3 Bb8 19. c4 Qd8 20. Qc2 Be6 21. Rae1 Nd7 22. Bd2 c5 23. Ne4 cxb4 24. Bxb4 a5 25. Ba3 Ra6 26. Qb3 Qc8 27. Nc3 Bxh3 28. Re3 Bg4 29. Nd2 Be6 30. Qa4 Nf6 31. Nde4 Nxe4 32. Nxe4 Bd7 33. Qd1 Rg6 34. Ng3 Ba7 35. c5 Bc6 36. Qh5 b5 37. b4 Rg5 38. Qe2 axb4 39. Bxb4 Qg4 40. Qxg4 Rxg4 41. Ne4 f5 42. f3 Rg6 43. Nd2 Rge6 44. Ra1 Bb8 45. Kf2 e4 46. dxe4 Bf4 47. Re2 fxe4 48. Nxe4 Bxe4 49. Rxe4 Rxe4 50. fxe4 Rxe4 51. Rb1 Rc4 52. Kf3 Bg5 53. Rb3 Be7 54. Bd2 Rxc5 55. Bb4 Rf5+ 56. Ke4 Rf7 57. Bd2 Rf2 58. Be3 Rxg2 59. Rxb5 Bf6 60. Rb7 Kh7 61. Kf3 Rb2 62. Rxb2 Bxb2 63. Kg4 g6 64. Bd2 Bf6 65. Be3 h5+ 66. Kh3 Kg7 67. Bd2 Kf7 68. Be3 Ke6 69. Bd2 Kf5 70. Be3 Ke4 71. Bd2 Kf3 72. Bc1 Be5 73. Bg5 Ke4 74. Kg2 Kf5 75. Bd8 Bf6 76. Bb6 g5 77. Be3 g4 78. Bf2 h4 79. Be1 h3+ 80. Kh2 Be5+ 81. Kh1 Ke4 82. Bh4 Kf3 83. Be1 Bd4 84. Bg3 Be3 0-1

[Event "Chessable Play In Match D1"]
[Site "Chess.com INT"]
[Date "2024.02.01"]
[Round "1.2"]
[White "Yu, Yangyi"]
[Black "Firouzja, Alireza"]
[Result "1/2-1/2"]
[WhiteElo "2720"]
[BlackElo "2760"]
[PlyCount "120"]
[EventDate "2024.02.01"]
[EventType "k.o. (rapid)"]
[EventRounds "2"]
[EventCountry "USA"]
[SourceTitle "CB06_2024"]
[SourceDate "2024.02.07"]
[SourceVersion "1"]
[SourceVersionDate "2024.02.07"]
[SourceQuality "1"]

1. e4 e5 2. Nf3 Nc6 3. Bb5 Nf6 4. d3 Bc5 5. 0-0 Nd4 6. Nxd4 Bxd4 7. Ba4 0-0 8. c3 Bb6 9. Bg5 h6 10. Bh4 d6 11. Nd2 a6 12. Bb3 g5 13. Bg3 Bg4 14. Qe1 Nh5 15. Nc4 Ba7 16. Ne3 Be6 17. Kh1 Qd7 18. Bc2 Ng7 19. f3 f5 20. exf5 Nxf5 21. Bf2 Nxe3 22. Bxe3 Bxe3 23. Qxe3 Rae8 24. d4 exd4 25. Qxd4 Qg7 26. Qd2 Kh8 27. h3 Bf5 28. Rae1 Bxc2 29. Qxc2 d5 30. Qb3 c6 31. Qb6 Re7 32. Rxe7 Qxe7 33. a4 Kg8 34. a5 Rf7 35. b3 Qe5 36. c4 d4 37. Qd8+ Rf8 38. Qd7 Rf7 39. Qc8+ Kg7 40. Qd8 Rf8 41. Qb6 Rf7 42. Qb4 c5 43. Qd2 Re7 44. b4 Qe2 45. Qxe2 Rxe2 46. bxc5 d3 47. Rd1 d2 48. Kh2 Kf6 49. Kg3 Ke5 50. f4+ gxf4+ 51. Kf3 Re3+ 52. Kf2 Rc3 53. Rxd2 Rxc4 54. Rd7 Rxc5 55. Rxb7 Rxa5 56. Rh7 Ra2+ 57. Kf3 Ra3+ 58. Kf2 Ra2+ 59. Kf3 Ra3+ 60. Kf2 Ra2+ 1/2-1/2

[Event "Chessable Masters Play In"]
[Site "Chess.com INT"]
[Date "2024.01.31"]
[Round "3"]
[White "Yu, Yangyi"]
[Black "Shimanov, Aleksandr"]
[Result "1/2-1/2"]
[WhiteElo "2720"]
[BlackElo "2578"]
[PlyCount "94"]
[EventDate "2024.01.31"]
[EventType "swiss (rapid)"]
[EventRounds "9"]
[EventCountry "USA"]
[SourceTitle "CB06_2024"]
[SourceDate "2024.02.07"]
[SourceVersion "1"]
[SourceVersionDate "2024.02.07"]
[SourceQuality "1"]

1. e4 e6 2. d4 d5 3. e5 c5 4. Nf3 Nc6 5. c3 Nge7 6. Na3 Bd7 7. Nc2 Qa5 8. a3 Nxd4 9. Ncxd4 cxd4 10. Nxd4 Nc6 11. Nf3 Qc7 12. Bf4 f6 13. Bb5 Nxe5 14. Nxe5 fxe5 15. Qh5+ g6 16. Qxe5 Qxe5+ 17. Bxe5 Rg8 18. Bd3 Bg7 19. f4 Ke7 20. 0-0 Bxe5 21. fxe5 Rgf8 22. Rxf8 Rxf8 23. Rf1 Rxf1+ 24. Kxf1 Be8 25. Kf2 h6 26. h4 g5 27. hxg5 hxg5 28. Ke3 b6 29. Kd4 Bc6 30. g3 Be8 31. b3 Bc6 32. Ba6 Kf7 33. Bc8 Ke7 34. Ba6 Kf7 35. Be2 Ke7 36. Bf3 Be8 37. Bd1 Bc6 38. Bg4 Bd7 39. Be2 Bc6 40. Bh5 Bd7 41. Bf3 Be8 42. c4 dxc4 43. bxc4 Kd7 44. Bg4 Bf7 45. Bf3 Be8 46. Bg4 Bf7 47. Bf3 Be8 1/2-1/2

[Event "Chessable Masters Play In"]
[Site "Chess.com INT"]
[Date "2024.01.31"]
[Round "9"]
[White "Yu, Yangyi"]
[Black "Vokhidov, Shamsiddin"]
[Result "1-0"]
[WhiteElo "2720"]
[BlackElo "2596"]
[PlyCount "105"]
[EventDate "2024.01.31"]
[EventType "swiss (rapid)"]
[EventRounds "9"]
[EventCountry "USA"]
[SourceTitle "CB06_2024"]
[SourceDate "2024.02.07"]
[SourceVersion "1"]
[SourceVersionDate "2024.02.07"]
[SourceQuality "1"]

1. e4 c5 2. Nf3 e6 3. d3 d5 4. Nbd2 Nc6 5. g3 Bd6 6. Bg2 Nge7 7. 0-0 0-0 8. Re1 h6 9. c3 Bc7 10. a3 d4 11. cxd4 cxd4 12. e5 Ng6 13. Nc4 b5 14. Nd6 Bxd6 15. exd6 Qxd6 16. Nxd4 Qxd4 17. Bxc6 Rb8 18. Be3 Qxb2 19. Bxa7 Bb7 20. Bxb8 Bxc6 21. Qc1 Qf6 22. Qxc6 Rxb8 23. Kg2 Ne7 24. Qf3 Qd4 25. Qe4 Qd7 26. Rac1 Nd5 27. Rc5 Ra8 28. Rec1 g6 29. Qe5 Kh7 30. h4 h5 31. d4 Qb7 32. Kg1 Qd7 33. Rc6 Rd8 34. R1c5 Qb7 35. Qe4 Qd7 36. Qe2 Rb8 37. Qc2 b4 38. axb4 Nxb4 39. Rc7 Qe8 40. Qe2 Kg8 41. Qc4 Kg7 42. Rc8 Rxc8 43. Rxc8 Qa4 44. Qc5 Qd1+ 45. Kg2 Nd3 46. Qf8+ Kf6 47. Qd8+ Kf5 48. Qg5+ Ke4 49. Qe3+ Kf5 50. Rc3 Ne1+ 51. Kh2 Kf6 52. Qe5+ Ke7 53. Rc7+ 1-0

[Event "Wch Blitz"]
[Site "Samarkand"]
[Date "2023.12.30"]
[Round "20"]
[White "Yu, Yangyi"]
[Black "Praggnanandhaa, Rameshbabu"]
[Result "1/2-1/2"]
[WhiteElo "2714"]
[BlackElo "2740"]
[PlyCount "159"]
[EventDate "2023.12.29"]
[EventType "swiss (blitz)"]
[EventRounds "21"]
[EventCountry "UZB"]
[SourceTitle "CB01_2024"]
[SourceDate "2024.01.03"]
[SourceVersion "1"]
[SourceVersionDate "2024.01.03"]
[SourceQuality "1"]

1. e4 e5 2. Nf3 Nc6 3. Bb5 a6 4. Ba4 d6 5. c3 Bd7 6. 0-0 g6 7. d4 Bg7 8. Be3 Nf6 9. Nbd2 0-0 10. h3 Qe8 11. Bc2 a5 12. Re1 a4 13. a3 b5 14. Bd3 Rb8 15. Qc2 Qe7 16. Rad1 Na5 17. Nf1 c5 18. Ng3 cxd4 19. cxd4 Rfc8 20. Qe2 Nc4 21. Bc1 h6 22. dxe5 dxe5 23. Nf1 Nh5 24. Bxc4 bxc4 25. Qc2 Nf4 26. Bxf4 exf4 27. e5 Bf5 28. Qc1 Bd3 29. N1d2 Qb7 30. Nf1 Qxb2 31. Qxf4 Qxa3 32. e6 Qe7 33. Ne5 fxe6 34. Nxd3 cxd3 35. Qxa4 Rd8 36. Qe4 Rb2 37. Rxd3 Rxd3 38. Qxd3 Qf7 39. Re2 Rxe2 40. Qxe2 Bd4 41. Nd2 Kh7 42. Nf3 Bf6 43. Qe4 Qd7 44. Qc2 Kg7 45. Nd2 Be5 46. Ne4 Qc7 47. Qb1 Bf4 48. g3 Qc1+ 49. Qxc1 Bxc1 50. Kf1 Bb2 51. Ke2 e5 52. Kd3 Kf7 53. Kc4 Ke6 54. f3 Bd4 55. Nd2 Bf2 56. Ne4 Be3 57. Kd3 Bb6 58. Nc3 Bf2 59. g4 h5 60. Ke4 hxg4 61. fxg4 Bg3 62. Nd5 Bh4 63. Nc7+ Kf6 64. Nb5 Bg3 65. Nd6 Kg5 66. Kf3 Bf4 67. Ne4+ Kh4 68. Kg2 Be3 69. Nd6 Bf4 70. Ne4 Be3 71. Nc3 Bf4 72. Nd5 Bg5 73. Nc3 Bf4 74. Ne2 Kg5 75. Kf3 Kh4 76. Kg2 Kg5 77. Nc3 Kh4 78. Ne4 Be3 79. Nc3 Bf4 80. Ne4 1/2-1/2

[Event "Wch Blitz"]
[Site "Samarkand"]
[Date "2023.12.30"]
[Round "18"]
[White "Yu, Yangyi"]
[Black "Radjabov, Teimour"]
[Result "1-0"]
[WhiteElo "2714"]
[BlackElo "2723"]
[PlyCount "67"]
[EventDate "2023.12.29"]
[EventType "swiss (blitz)"]
[EventRounds "21"]
[EventCountry "UZB"]
[SourceTitle "CB01_2024"]
[SourceDate "2024.01.03"]
[SourceVersion "1"]
[SourceVersionDate "2024.01.03"]
[SourceQuality "1"]

1. e4 e5 2. Nf3 Nf6 3. Nxe5 d6 4. Nf3 Nxe4 5. d4 d5 6. Bd3 Bf5 7. 0-0 Be7 8. c4 Nc6 9. Re1 0-0 10. cxd5 Qxd5 11. Nc3 Nxc3 12. bxc3 Bxd3 13. Qxd3 Rae8 14. Rb1 b6 15. Bf4 Bd6 16. Ng5 f5 17. Bxd6 cxd6 18. h4 h6 19. Nh3 Qxa2 20. Qb5 Rc8 21. Nf4 Qf7 22. h5 Rfe8 23. Rxe8+ Qxe8 24. Qxf5 Ne7 25. Qe6+ Qf7 26. Qxd6 Nf5 27. Qe5 Rxc3 28. Nd5 Rc6 29. Qxf5 Qxf5 30. Ne7+ Kf7 31. Nxf5 a5 32. d5 Rc5 33. Rxb6 Rxd5 34. g4 1-0

[Event "Wch Blitz"]
[Site "Samarkand"]
[Date "2023.12.29"]
[Round "2"]
[White "Bryakin, Mikhail"]
[Black "Yu, Yangyi"]
[Result "1/2-1/2"]
[WhiteElo "2486"]
[BlackElo "2714"]
[PlyCount "175"]
[EventDate "2023.12.29"]
[EventType "swiss (blitz)"]
[EventRounds "21"]
[EventCountry "UZB"]
[SourceTitle "CB01_2024"]
[SourceDate "2024.01.03"]
[SourceVersion "1"]
[SourceVersionDate "2024.01.03"]
[SourceQuality "1"]

1. d4 Nf6 2. c4 e6 3. Nf3 b6 4. g3 Bb7 5. Bg2 Be7 6. 0-0 0-0 7. Nc3 Ne4 8. Bd2 d6 9. d5 Nxd2 10. Qxd2 e5 11. e4 Nd7 12. Ne1 a5 13. b3 Nc5 14. Nd3 g6 15. Nxc5 bxc5 16. Rae1 Bf6 17. Bh3 Bg7 18. a4 f5 19. Nb5 Bc8 20. Kg2 Kh8 21. f3 Bd7 22. Rf2 Qc8 23. Kg1 Rf7 24. Ref1 Qb7 25. Qe1 Qb6 26. Qd2 Raf8 27. Bg2 f4 28. g4 Bf6 29. Re2 Bh4 30. Bh3 Rg7 31. Rg2 Kg8 32. Ra1 Kf7 33. Kf1 Ke7 34. Ke2 Ra8 35. Kd3 Rgg8 36. Rgg1 Rgb8 37. Rgb1 Kf8 38. Qg2 Bg5 39. Qc2 Kg7 40. Qf2 h5 41. Qg2 h4 42. Qc2 Kh6 43. Qe2 Ra6 44. Qc2 Rba8 45. Bf1 h3 46. Qf2 Kg7 47. Kc2 Rh8 48. Bd3 Raa8 49. Qf1 Qb8 50. Be2 Qd8 51. Rd1 Be8 52. Rdb1 Qe7 53. Rd1 Qd8 54. Rab1 Qb8 55. Ra1 Qd8 56. Rdb1 Qc8 57. Rd1 Qb7 58. Rab1 Bd7 59. Ra1 Kf6 60. Rdb1 Rh7 61. Rd1 Qb8 62. Rab1 Be8 63. Ra1 Qb6 64. Rdb1 Kg7 65. Rd1 Bd7 66. Rdb1 Bh4 67. Rd1 Rhh8 68. Rab1 Bxb5 69. cxb5 c4 70. Bxc4 Bf2 71. Kb2 Qc5 72. Qd3 Qb4 73. Kc2 Bd4 74. Qd2 Qa3 75. Kd3 Bb6 76. Qe2 Qc5 77. Kc2 Qb4 78. Qd2 Qc5 79. Qe2 Qe3 80. Qd3 Kf6 81. Rd2 Kg5 82. Re2 Qc5 83. Qc3 Rac8 84. Rd1 Kf6 85. Rb1 Kg5 86. Rd1 Kf6 87. Rb1 Kg5 88. Rd1 1/2-1/2

[Event "Wch Rapid"]
[Site "Samarkand"]
[Date "2023.12.26"]
[Round "3"]
[White "Yu, Yangyi"]
[Black "Xiu, Deshun"]
[Result "1-0"]
[WhiteElo "2714"]
[BlackElo "2510"]
[PlyCount "109"]
[EventDate "2023.12.26"]
[EventType "swiss (rapid)"]
[EventRounds "13"]
[EventCountry "UZB"]
[SourceTitle "CB01_2024"]
[SourceDate "2024.01.03"]
[SourceVersion "1"]
[SourceVersionDate "2024.01.03"]
[SourceQuality "1"]

1. e4 e5 2. Nf3 Nc6 3. Bb5 Nf6 4. d3 Bc5 5. 0-0 Nd4 6. Nxd4 Bxd4 7. c3 Bb6 8. Ba4 0-0 9. Bg5 h6 10. Bh4 d6 11. Nd2 c6 12. Nc4 Be6 13. Nxb6 axb6 14. Bc2 Qe7 15. d4 Rfe8 16. a3 Rad8 17. Re1 g5 18. Bg3 Bg4 19. f3 Bc8 20. Bf2 c5 21. b4 Kg7 22. a4 Qc7 23. a5 bxa5 24. bxa5 d5 25. dxe5 Qxe5 26. Bxc5 Qxc3 27. Bd4 Qb4 28. e5 Ng8 29. Rb1 Qc4 30. Qd2 Be6 31. Rxb7 Ne7 32. Bb3 Qc8 33. a6 Nf5 34. Ba4 Qc4 35. Bxe8 Rxe8 36. a7 Nxd4 37. Rb8 Qc5 38. Qf2 Qxa7 39. Rxe8 Qa4 40. Rd8 Qc4 41. h3 Nc6 42. Rd6 Nd4 43. Rb6 Nf5 44. Rd1 Qf4 45. Qd2 Qxe5 46. Re1 Qd4+ 47. Qxd4+ Nxd4 48. Kf2 Nf5 49. Rexe6 fxe6 50. Rxe6 Kf7 51. Ra6 h5 52. g4 hxg4 53. hxg4 Ng7 54. Rd6 Ne6 55. Rxd5 1-0

[Event "Sharjah Alef Blitz"]
[Site "Sharjah"]
[Date "2023.12.06"]
[Round "6"]
[White "Salem, AR Saleh"]
[Black "Yu, Yangyi"]
[Result "0-1"]
[WhiteElo "2639"]
[BlackElo "2714"]
[PlyCount "107"]
[EventDate "2023.12.06"]
[EventType "tourn (blitz)"]
[EventRounds "12"]
[EventCountry "UAE"]
[EventCategory "18"]
[SourceTitle "CB50_2023"]
[SourceDate "2023.12.13"]
[SourceVersion "1"]
[SourceVersionDate "2023.12.13"]
[SourceQuality "1"]

1. d4 Nf6 2. c4 e6 3. Nc3 Bb4 4. a3 Bxc3+ 5. bxc3 0-0 6. f3 Ne8 7. h4 c5 8. h5 h6 9. e4 d5 10. e5 Nc6 11. Be3 Qa5 12. Qd2 Nc7 13. f4 cxd4 14. cxd4 Qxd2+ 15. Kxd2 Na5 16. Ke1 dxc4 17. Rb1 Nd5 18. Bd2 c3 19. Bc1 Bd7 20. Bd3 Rfc8 21. Ne2 Rab8 22. Rh3 Ba4 23. f5 c2 24. Rb2 Nc4 25. Ra2 Bb3 26. Ra1 a5 27. Rg3 Kh8 28. Be4 a4 29. Bxd5 exd5 30. Nf4 Na5 31. e6 fxe6 32. Nxe6 Re8 33. Bf4 Rbc8 34. Rc1 Nc6 35. Kd2 Re7 36. Bd6 Rf7 37. Rf3 Kh7 38. g4 Na5 39. g5 Nc4+ 40. Ke2 Nxd6 41. g6+ Kg8 42. gxf7+ Kxf7 43. Nc5 Nb5 44. Kd3 Bc4+ 45. Ke3 Re8+ 46. Ne6 Nxa3 47. Rg1 Nb5 48. Rxg7+ Kf6 49. Rg6+ Ke7 50. Kd2 Kd7 51. Re3 b6 52. f6 Rxe6 53. f7 Rxe3 54. Rd6+ 0-1

[Event "Sharjah Alef Blitz"]
[Site "Sharjah"]
[Date "2023.12.06"]
[Round "4"]
[White "Sjugirov, Sanan"]
[Black "Yu, Yangyi"]
[Result "1/2-1/2"]
[WhiteElo "2703"]
[BlackElo "2714"]
[PlyCount "212"]
[EventDate "2023.12.06"]
[EventType "tourn (blitz)"]
[EventRounds "12"]
[EventCountry "UAE"]
[EventCategory "18"]
[SourceTitle "CB50_2023"]
[SourceDate "2023.12.13"]
[SourceVersion "1"]
[SourceVersionDate "2023.12.13"]
[SourceQuality "1"]

1. e4 e5 2. Nf3 Nc6 3. Bc4 Nf6 4. d3 Bc5 5. a4 h6 6. 0-0 d6 7. a5 a6 8. c3 0-0 9. h3 Ba7 10. Be3 Bxe3 11. fxe3 b5 12. axb6 cxb6 13. Nbd2 Ra7 14. d4 b5 15. Bd3 Rc7 16. Qe1 Ne7 17. Nh4 Ng6 18. Nxg6 fxg6 19. Qg3 g5 20. Rf3 Rcf7 21. Raf1 Be6 22. Qe1 Qb6 23. R3f2 Qb7 24. Qa1 g4 25. hxg4 Nxg4 26. Rxf7 Rxf7 27. Rxf7 Qxf7 28. Qe1 Qh5 29. Nf3 Qf7 30. Qg3 Qf6 31. Nd2 h5 32. Nf1 g6 33. Be2 Kg7 34. Bf3 Qg5 35. Qe1 h4 36. Kh1 Bc4 37. Bxg4 Qxg4 38. Nd2 Bd3 39. dxe5 dxe5 40. Kh2 Bxe4 41. Qf2 Bc6 42. b4 Be4 43. Nb3 Bf5 44. Nc5 h3 45. gxh3 Qxh3+ 46. Kg1 Qg4+ 47. Kh2 Qh3+ 48. Kg1 Bg4 49. Qd2 Qg3+ 50. Kf1 Qf3+ 51. Kg1 Qg3+ 52. Kf1 Qf3+ 53. Kg1 Qg3+ 54. Kf1 Bh3+ 55. Ke2 Qg4+ 56. Kd3 Qc4+ 57. Kc2 Qa2+ 58. Kc1 Qa1+ 59. Kc2 Bf5+ 60. e4 Qa2+ 61. Kd3 Qxd2+ 62. Kxd2 Bc8 63. Ke3 g5 64. Kf3 Kf6 65. Kg3 Ke7 66. Kf3 Kd6 67. Nd3 Bh3 68. Nf2 Be6 69. Ng4 Bb3 70. Ne3 Be6 71. Ng4 Bc8 72. Ne3 Bd7 73. Nd5 g4+ 74. Kg3 Bc6 75. Ne3 Bxe4 76. Kxg4 Ke6 77. Kg5 Bd3 78. Kg4 Be2+ 79. Kg5 Bf3 80. Kh4 Kf6 81. Kg3 Bb7 82. Kg4 Bc6 83. Kh4 Bf3 84. Kg3 Bb7 85. Kg4 Bc6 86. Kh4 Bb7 87. Kg4 Be4 88. Kh4 Bb7 89. Kg4 Bc6 90. Kh4 Bd7 91. Kh5 Bc8 92. Kh4 Bd7 93. Kh5 Be6 94. Kh4 Kg6 95. Kg3 Kg5 96. Kf3 Bf5 97. Nd5 Kg6 98. Nc7 Bc8 99. Ke4 Kf6 100. Ne8+ Ke7 101. Ng7 Kd6 102. Ne8+ Kd7 103. Ng7 Kd6 104. Ne8+ Ke7 105. Ng7 Kf7 106. Nf5 Kf6 1/2-1/2

[Event "Sharjah Alef Blitz"]
[Site "Sharjah"]
[Date "2023.12.06"]
[Round "3"]
[White "Yu, Yangyi"]
[Black "Salem, AR Saleh"]
[Result "1-0"]
[WhiteElo "2714"]
[BlackElo "2639"]
[PlyCount "83"]
[EventDate "2023.12.06"]
[EventType "tourn (blitz)"]
[EventRounds "12"]
[EventCountry "UAE"]
[EventCategory "18"]
[SourceTitle "CB50_2023"]
[SourceDate "2023.12.13"]
[SourceVersion "1"]
[SourceVersionDate "2023.12.13"]
[SourceQuality "1"]

1. e4 e5 2. Nf3 Nc6 3. Bb5 a6 4. Ba4 Nf6 5. 0-0 Be7 6. d3 b5 7. Bb3 d6 8. a4 Bd7 9. Be3 0-0 10. axb5 axb5 11. Nc3 Na5 12. Nd5 Nxd5 13. Bxd5 c6 14. Ba2 c5 15. c3 Nc6 16. Bd5 Rxa1 17. Qxa1 Bf6 18. Qa6 Qc8 19. Ra1 Qc7 20. h3 h6 21. Nh2 Rb8 22. Ng4 Be7 23. Qa2 Be8 24. f4 h5 25. Nh2 Bf6 26. Nf3 Ne7 27. fxe5 dxe5 28. Qa7 Nxd5 29. exd5 Qd8 30. Nd2 Rc8 31. c4 bxc4 32. dxc4 Rb8 33. Ne4 Rxb2 34. Qxc5 Be7 35. d6 Bf8 36. Qxe5 Rc2 37. Qd5 Qb8 38. Rf1 Qc8 39. Nc5 Re2 40. d7 Bxd7 41. Qxf7+ Kh7 42. Qxh5+ 1-0

[Event "Sharjah Alef Blitz"]
[Site "Sharjah"]
[Date "2023.12.06"]
[Round "1"]
[White "Yu, Yangyi"]
[Black "Sjugirov, Sanan"]
[Result "1-0"]
[WhiteElo "2714"]
[BlackElo "2703"]
[PlyCount "105"]
[EventDate "2023.12.06"]
[EventType "tourn (blitz)"]
[EventRounds "12"]
[EventCountry "UAE"]
[EventCategory "18"]
[SourceTitle "CB50_2023"]
[SourceDate "2023.12.13"]
[SourceVersion "1"]
[SourceVersionDate "2023.12.13"]
[SourceQuality "1"]

1. e4 c5 2. Nf3 Nc6 3. Nc3 e5 4. Bc4 d6 5. d3 Be7 6. 0-0 Nf6 7. Nd5 0-0 8. a4 Be6 9. Nxf6+ Bxf6 10. Bxe6 fxe6 11. Be3 b6 12. h3 h6 13. c3 d5 14. Qc2 Qd6 15. Rad1 Rad8 16. Rfe1 Qd7 17. Nh2 Qe7 18. Nf3 Qf7 19. Qe2 Qg6 20. Bc1 Rd7 21. Nh2 Bh4 22. Rf1 Rdf7 23. g3 h5 24. Kh1 Bg5 25. Bxg5 Qxg5 26. h4 Qg6 27. Kg2 Rf4 28. Kh1 R4f7 29. Kg2 Rf6 30. Rde1 Qf7 31. Qd2 d4 32. Qe2 Qg6 33. Qd2 a6 34. Qe2 Qf7 35. Qd2 b5 36. axb5 axb5 37. Rc1 dxc3 38. bxc3 c4 39. dxc4 Na5 40. Rb1 Nxc4 41. Qe2 Rd8 42. Nf3 Qg6 43. Rbd1 Rxd1 44. Rxd1 Qg4 45. Rd8+ Rf8 46. Rxf8+ Kxf8 47. Qd3 Ke7 48. Ng5 Nb2 49. Qxb5 Nd1 50. Qb7+ Kd6 51. Qa6+ Ke7 52. Qa7+ Kd6 53. f3 1-0

[Event "Sharjah Alef"]
[Site "Sharjah"]
[Date "2023.11.30"]
[Round "4"]
[White "Sjugirov, Sanan"]
[Black "Yu, Yangyi"]
[Result "1/2-1/2"]
[WhiteElo "2703"]
[BlackElo "2714"]
[PlyCount "144"]
[EventDate "2023.11.27"]
[EventType "tourn"]
[EventRounds "6"]
[EventCountry "UAE"]
[EventCategory "18"]
[SourceTitle "CB49_2023"]
[SourceDate "2023.12.06"]
[SourceVersion "1"]
[SourceVersionDate "2023.12.06"]
[SourceQuality "1"]

1. e4 e5 2. Nf3 Nf6 3. Nxe5 d6 4. Nf3 Nxe4 5. d4 d5 6. Bd3 Nc6 7. 0-0 Be7 8. c4 Nb4 9. Be2 0-0 10. Nc3 Bf5 11. a3 Nxc3 12. bxc3 Nc6 13. Re1 Re8 14. Bf4 dxc4 15. Bxc4 Bd6 16. Rxe8+ Qxe8 17. Bxd6 cxd6 18. Ng5 Bg6 19. h4 Qe7 20. g3 Rd8 21. Bd5 h6 22. Nh3 Be4 23. Nf4 Bxd5 24. Nxd5 Qe4 25. Ne3 Rc8 26. Qh5 Ne7 27. Qb5 Qc6 28. Qxc6 Rxc6 29. Rb1 b6 30. Rb3 g5 31. hxg5 hxg5 32. Kf1 f5 33. Ke2 Kf7 34. Kd3 d5 35. a4 a6 36. Rb1 Rh6 37. c4 dxc4+ 38. Kxc4 Ke8 39. d5 f4 40. gxf4 gxf4 41. Ng4 Rd6 42. Rd1 Kd8 43. Ne5 Kc8 44. Rd4 Kb7 45. Nd3 f3 46. Ne5 Rd8 47. Rd3 Rc8+ 48. Kd4 Nf5+ 49. Ke4 Nd6+ 50. Kxf3 Rc2 51. Rd4 a5 52. Rg4 b5 53. axb5 Nxb5 54. Nc4 a4 55. Ne3 Ra2 56. Rb4 Kb6 57. d6 Kc6 58. d7 Rd2 59. Nc4 Rxd7 60. Ne5+ Kc5 61. Rxa4 Ra7 62. Rh4 Kd5 63. Rh5 Ke6 64. Nc4 Rf7+ 65. Ke4 Nc3+ 66. Kd4 Nd1 67. Re5+ Kd7 68. Rd5+ Ke7 69. Re5+ Kf8 70. Nd6 Rf4+ 71. Re4 Rxe4+ 72. Nxe4 Nxf2 1/2-1/2